<?xml version="1.0" encoding="UTF-8"?>
<collection xmlns="http://www.loc.gov/MARC21/slim">
 <record>
  <leader>03037nam a22002657a 4500</leader>
  <controlfield tag="001">NCT_45246</controlfield>
  <controlfield tag="008">180707b        xxu||||| |||| 00| 0 vie d</controlfield>
  <datafield tag="999" ind1=" " ind2=" ">
   <subfield code="c">2163</subfield>
   <subfield code="d">2163</subfield>
  </datafield>
  <datafield tag="020" ind1=" " ind2=" ">
   <subfield code="c">52000</subfield>
  </datafield>
  <datafield tag="082" ind1="0" ind2="4">
   <subfield code="2">23rd ed.</subfield>
   <subfield code="a">005.8</subfield>
   <subfield code="b">C561/T2</subfield>
  </datafield>
  <datafield tag="100" ind1="1" ind2=" ">
   <subfield code="a">Vũ Đình Cường</subfield>
   <subfield code="e">Chủ biên</subfield>
  </datafield>
  <datafield tag="245" ind1="1" ind2="0">
   <subfield code="a">Từng bước khám phá an ninh mạng hack internet OS và bảo mật 2</subfield>
   <subfield code="c">Vũ Đình Cường (chủ biên); Phương Lan (hiệu đính)</subfield>
  </datafield>
  <datafield tag="250" ind1=" " ind2=" ">
   <subfield code="a">Tái bản lần thứ 1</subfield>
  </datafield>
  <datafield tag="260" ind1=" " ind2=" ">
   <subfield code="a">H.</subfield>
   <subfield code="b">Lao động - xã hội</subfield>
   <subfield code="c">2008</subfield>
  </datafield>
  <datafield tag="300" ind1=" " ind2=" ">
   <subfield code="a">207 tr.</subfield>
   <subfield code="b">Minh họa</subfield>
   <subfield code="c">24cm</subfield>
  </datafield>
  <datafield tag="520" ind1="3" ind2=" ">
   <subfield code="a">Tập 1 và Tập 2 mang tên &quot;Hack Internet - OS và bảo mật&quot; giới thiệu đến bạn đọc những kiến thức cơ bản nhất về Internet, hệ điều hành và áp dụng những phương pháp bảo mật trên các trạm làm việc. Xây dựng các quy tắc tìm kiếm từ đơn giản đến nâng cao. Từ những quy tắc này bạn đọc có thể hiểu được cách làm việc của Hacker khi họ thu thập các thông tin về hệ thống mục tiêu. Cũng trên nền tảng này, tập 1 và tập 2 còn giới thiệu đến bạn đọc phương pháp tấn công SQL Injection và cách phòng chống, qua đó giúp bạn đọc nắm bắt được phương pháp phòng chống và tự bảo vệ hiệu quả.  Trên cơ sở thu thập thông tin mục tiêu, &quot;Hack Internet - OS và bảo mật&quot; còn giới thiệu đến bạn đọc cách sử dụng một số công cụ quét mục tiêu như NMAP, công cụ đăng nhập nặc danh vào Web Server như FTP, từ đó bạn đọc có thể tự kiểm tra và nhận biết được hệ thống của mình còn thiếu những gì và còn có những lỗ hổng bảo mật nào.   </subfield>
  </datafield>
  <datafield tag="653" ind1=" " ind2=" ">
   <subfield code="a">Công nghệ thông tin</subfield>
  </datafield>
  <datafield tag="700" ind1="1" ind2=" ">
   <subfield code="a">Phương Lan </subfield>
   <subfield code="e">Hiệu đính</subfield>
  </datafield>
  <datafield tag="942" ind1=" " ind2=" ">
   <subfield code="2">ddc</subfield>
   <subfield code="c">BK</subfield>
  </datafield>
  <datafield tag="952" ind1=" " ind2=" ">
   <subfield code="0">0</subfield>
   <subfield code="1">0</subfield>
   <subfield code="2">ddc</subfield>
   <subfield code="4">0</subfield>
   <subfield code="6">005_800000000000000_C561_T2</subfield>
   <subfield code="7">0</subfield>
   <subfield code="9">13084</subfield>
   <subfield code="a">000001</subfield>
   <subfield code="b">000001</subfield>
   <subfield code="d">2018-08-07</subfield>
   <subfield code="o">005.8 C561/T2</subfield>
   <subfield code="p">MD.01287</subfield>
   <subfield code="r">2018-08-07</subfield>
   <subfield code="v">52000.00</subfield>
   <subfield code="w">2018-08-07</subfield>
   <subfield code="y">BK</subfield>
  </datafield>
  <datafield tag="952" ind1=" " ind2=" ">
   <subfield code="0">0</subfield>
   <subfield code="1">0</subfield>
   <subfield code="2">ddc</subfield>
   <subfield code="4">0</subfield>
   <subfield code="6">005_800000000000000_C561_T2</subfield>
   <subfield code="7">0</subfield>
   <subfield code="9">13086</subfield>
   <subfield code="a">000001</subfield>
   <subfield code="b">000001</subfield>
   <subfield code="d">2018-08-07</subfield>
   <subfield code="o">005.8 C561/T2</subfield>
   <subfield code="p">MD.01277</subfield>
   <subfield code="r">2018-08-07</subfield>
   <subfield code="v">52000.00</subfield>
   <subfield code="w">2018-08-07</subfield>
   <subfield code="y">BK</subfield>
  </datafield>
  <datafield tag="952" ind1=" " ind2=" ">
   <subfield code="0">0</subfield>
   <subfield code="1">0</subfield>
   <subfield code="2">ddc</subfield>
   <subfield code="4">0</subfield>
   <subfield code="6">005_800000000000000_C561_T2</subfield>
   <subfield code="7">0</subfield>
   <subfield code="9">13087</subfield>
   <subfield code="a">000001</subfield>
   <subfield code="b">000001</subfield>
   <subfield code="d">2018-08-07</subfield>
   <subfield code="l">1</subfield>
   <subfield code="o">005.8 C561/T2</subfield>
   <subfield code="p">MD.01278</subfield>
   <subfield code="r">2018-10-05</subfield>
   <subfield code="s">2018-09-21</subfield>
   <subfield code="v">52000.00</subfield>
   <subfield code="w">2018-08-07</subfield>
   <subfield code="y">BK</subfield>
  </datafield>
  <datafield tag="952" ind1=" " ind2=" ">
   <subfield code="0">0</subfield>
   <subfield code="1">0</subfield>
   <subfield code="2">ddc</subfield>
   <subfield code="4">0</subfield>
   <subfield code="6">005_800000000000000_C561_T2</subfield>
   <subfield code="7">0</subfield>
   <subfield code="9">13088</subfield>
   <subfield code="a">000001</subfield>
   <subfield code="b">000001</subfield>
   <subfield code="d">2018-08-07</subfield>
   <subfield code="o">005.8 C561/T2</subfield>
   <subfield code="p">MD.01279</subfield>
   <subfield code="r">2018-08-07</subfield>
   <subfield code="v">52000.00</subfield>
   <subfield code="w">2018-08-07</subfield>
   <subfield code="y">BK</subfield>
  </datafield>
  <datafield tag="952" ind1=" " ind2=" ">
   <subfield code="0">0</subfield>
   <subfield code="1">0</subfield>
   <subfield code="2">ddc</subfield>
   <subfield code="4">0</subfield>
   <subfield code="6">005_800000000000000_C561_T2</subfield>
   <subfield code="7">0</subfield>
   <subfield code="9">13089</subfield>
   <subfield code="a">000001</subfield>
   <subfield code="b">000001</subfield>
   <subfield code="d">2018-08-07</subfield>
   <subfield code="l">1</subfield>
   <subfield code="o">005.8 C561/T2</subfield>
   <subfield code="p">MD.01280</subfield>
   <subfield code="q">2020-09-28</subfield>
   <subfield code="r">2020-09-14</subfield>
   <subfield code="s">2020-09-14</subfield>
   <subfield code="v">52000.00</subfield>
   <subfield code="w">2018-08-07</subfield>
   <subfield code="y">BK</subfield>
  </datafield>
  <datafield tag="980" ind1=" " ind2=" ">
   <subfield code="a">Thư viện Trường Đại học Nam Cần Thơ</subfield>
  </datafield>
 </record>
</collection>
